000 01289nam a2200277Ia 4500
999 _c55740
_d55740
001 22835
003 GE_BSU
005 20230522170954.0
008 181216s ||||ge |||||||||||||| ||geo||
040 _cGE_BSU
041 _ageo
080 _a811.353.1'36 შ-21
100 _aშანიძე, აკაკი
_918175
245 _aქართული ენის გრამატიკის საფუძვლები :
_bტ.1 მორფოლოგია /
_cაკაკი შანიძე ; რედ. ი. იმნაიშვილი.
250 _aმეორე გამოცემა
264 _aთბილისი :
_bთსუ-ს გამომცემლობა,
_c1973.
300 _a656 გვ. ;
_c25 სმ.
490 _aძველი ქართული ენის კათედრის შრომები
_v15
504 _aბიბლიოგრ. : გვ. 655-656
541 _h6ლ. 60თ.
653 _aქართული ენა
653 _aქართული ენის გრამატიკის საფუძვლები
653 _aტ.1 მორფოლოგია
700 _aიმნაიშვილი, ი.
_eრედაქტორი
_918176
942 _cBK
_2udc